| 000 | 00418nam a22001577a 4500 | ||
|---|---|---|---|
| 020 | _a9781119493761 | ||
| 040 | _cNUST | ||
| 082 | _a621.82 JUV | ||
| 100 |
_aJuvinall, Robert C. _983666 |
||
| 110 |
_aMarshek, Kurt M. _9104286 |
||
| 245 | _aFundamentals of Machine Component Design | ||
| 250 | _aSeventh Edition. | ||
| 260 |
_aHoboken: _bJohn Wiley & Sons, _c2020. |
||
| 650 | _aMachine Design. | ||
| 942 |
_2ddc _cBK |
||
| 999 |
_c592620 _d592620 |
||